000 00641nam a2200193Ii 4500
003 JO-AjNU
008 230605s9999||||xx |||||||||||||| ||und||
040 _aJO-AjNU
_bara
_erda
_cJO-AjNU
041 _aara
050 1 4 _aTX911.3.M27.T39 2012
100 3 _aتوفيق، ماهر عبد العزيز,
_eauthor
_951197
245 0 0 _aعلم إدارة الفنادق
264 3 1 _aعمان: دار زهران للنشر والتوزيع، 2012
300 _a371ص
336 _atext
_btxt
_2rdacontent
337 _aunmediated
_bn
_2rdamedia
338 _avolume
_bnc
_2rdacarrier
650 4 _aالفنادق - تنظيم وادارة
_951198
999 _aA22599
_c26167
_d26167